| 000 | 00954nam a22003017i 4500 | ||
|---|---|---|---|
| 003 | DO-SdBNP | ||
| 005 | 20250514141110.0 | ||
| 007 | ta | ||
| 008 | 250514b2001 dr ac||| |||| 00| 0 spa d | ||
| 020 | _a848261360X | ||
| 040 |
_aDO-SdBNP _bspa _cBNPHU _erda |
||
| 041 | _hspa | ||
| 082 | 4 |
_axxx _bG216c _222 |
|
| 100 |
_aGarcia de Escobar, Obdulia _eautora _929568 |
||
| 245 | 0 | 0 |
_aCuaderno de lengua y literatura 3 : _bdel primer curso del segundo ciclo de la educación media / _cObdulia García de Escobar ; ilustrador Ruddy Núñez |
| 264 |
_aSanto Domingo : _bSantillana, _c2001. |
||
| 300 |
_a103 páginas : _bilustraciones ; _c28 cm. |
||
| 336 |
_2rdacontent _atexto _btxt |
||
| 337 |
_2rdamedia _asin mediación _bn |
||
| 338 |
_2rdacarrier _avolumen _bnc |
||
| 490 | _aUmbral | ||
| 590 | _aInventariado, 2025/DG | ||
| 700 | _912067 | ||
| 700 | _929220 | ||
| 700 | 1 |
_aNúñez, Ruddy, _eilustración _923171 |
|
| 910 | _aDG | ||
| 942 |
_2ddc _cLBS1 |
||
| 999 |
_c59033 _d59033 |
||